000
00226nam a2200085Ia 4500
245
0
_a
No such thing as dragons
100
_a
REEVE, Philip London, 2009
_9
58531
942
_c
BK
008
210817s9999 xx 000 0 und d
999
_c
273348
_d
273348